Estadísticas para Países que comienzan con B

Haz click aquí para tomar la prueba!

Estadísticas generales

  • Esta prueba ha sido tomada 13.978 veces
    (13.169 desde el último reinicio)
  • La puntuación promedio es 12 de 17

Estadísticas de respuestas

País% Correcto
Brasil
92%
Bolivia
82%
Bélgica
81%
Bután
76%
Bielorrusia
72%
Belice
70%
Botsuana
70%
Bulgaria
70%
Barbados
69%
Bahamas
69%
Brunéi
67%
Bosnia y Herzegovina
66%
Burundi
65%
Baréin
63%
Bangladés
62%
Benín
59%
Burkina Faso
56%

Distribución de puntuación

Porcentaje por número respondido

Porcentaje de gente con cada puntuación

Historial de tus puntuaciones

No has tomado esta prueba desde el último reinicio